000 01121nam a2200373Ia 4500
001 133261
003 224979
005 20250218092722.0
008 ||||||n9999 ||| || ||
082 _a302.35
100 _aZabludovsky Kuper, Gina
_928784
245 0 _aIntelectuales y burocracia
_bvigencia de Max Weber
_cGina Zabludovsky Kuper
250 _a1a. ed.
504 _aIncluye bibliografía
562 _e5
650 _aBERLIN (ALEMANIA)--VIDA SOCIAL Y COSTUMBRES
_9161818
650 0 _aBurocracia
_92989
650 _aINTELECTUALES--ASPECTOS SOCIALES
_9161820
650 _aSIMMEL, GEORG, 1858-1918--CRITICA E INTERPRETACION
_9160566
650 _aWEBER, MAX, 1864-1920--CRÍTICA E INTERPRETACIÓN
_950301
650 _aWEBER, MAX, 1864-1920--PENSAMIENTO POLITICO
_9160053
942 _cBKM
999 _c133261
_d133261
526 _a102618
526 _a15794
526 _a102620
526 _a10406
526 _a4969
526 _a19790
526 _a104436
526 _a3899
526 _a9683
526 _a1703